[Event "Women's Speed Chess Q4"]
[Site "chess.com INT"]
[Date "2020.06.21"]
[Round "9"]
[White "Toncheva, Nadya"]
[Black "Socko, Monika"]
[Result "1-0"]
[WhiteTitle "WFM"]
[BlackTitle "GM"]
[WhiteElo "2064"]
[BlackElo "2428"]
[WhiteFideId "2924056"]
[BlackFideId "1106619"]
[EventDate "2020.06.21"]

1. d4 Nf6 2. c4 c5 3. d5 b5 4. cxb5 a6 5. b6 d6 6. Nc3 g6 7. e4 Bg7 8. a4 Qxb6
9. Bd3 O-O 10. a5 Qc7 11. Bf4 Nbd7 12. Nf3 c4 13. Bc2 Rb8 14. Qc1 Nh5 15. Bg5
Nc5 16. O-O Re8 17. Nd2 Nb3 18. Bxb3 cxb3 19. Ra3 Bxc3 20. Qxc3 Qxc3 21. bxc3 b2
22. Rb1 Bd7 23. Ra2 f6 24. Be3 Rec8 25. c4 f5 26. f3 fxe4 27. fxe4 Nf6 28. Raxb2
Rxb2 29. Rxb2 Kf7 30. Rb7 Ke8 31. Ra7 Rb8 32. Bb6 Bc8 33. Kf2 Nd7 34. Bd4 Rb4
35. Ke3 Kd8 36. Kd3 Ra4 37. Bb6+ Nxb6 38. axb6 Rb4 39. c5 dxc5 40. Nc4 h5 41.
Rc7 Rb3+ 42. Kc2 Rb5 43. Rc6 a5 44. Rxg6 Ba6 45. Rg8+ Kd7 46. Ne5+ Kd6 47. Nf7+
Kd7 48. Rd8# 1-0

[Event "Women's Speed Chess Q4"]
[Site "chess.com INT"]
[Date "2020.06.21"]
[Round "9"]
[White "Cyfka, Karina"]
[Black "Stefanova, Antoaneta"]
[Result "0-1"]
[WhiteTitle "IM"]
[BlackTitle "GM"]
[WhiteElo "2411"]
[BlackElo "2462"]
[WhiteFideId "1122681"]
[BlackFideId "2902257"]
[EventDate "2020.06.21"]

1. d4 d5 2. c4 c6 3. Nf3 Nf6 4. e3 Bf5 5. Qb3 Qc7 6. Nh4 Be4 7. f3 Bxb1 8. Rxb1
g5 9. Nf5 e6 10. Ng3 Bd6 11. Ne2 dxc4 12. Qxc4 Bxh2 13. e4 Bg3+ 14. Kd1 Bf2 15.
Bxg5 Nbd7 16. Kc2 h6 17. Bf4 Qa5 18. b4 Qb6 19. a4 a5 20. b5 c5 21. d5 exd5 22.
exd5 O-O-O 23. Nc3 Bd4 24. Bd3 Bxc3 25. Kxc3 Nxd5+ 26. Qxd5 Qf6+ 27. Kc2 Qxf4
28. Be4 Qc7 29. Rhc1 Nb6 30. Qf5+ Kb8 31. Kb3 c4+ 32. Ka2 Rd2+ 33. Rc2 Rhd8 34.
Rc1 Nxa4 35. Ka3 Qd6+ 36. Ka2 Nc3+ 37. Ka1 Qa3+ 0-1

[Event "Women's Speed Chess Q4"]
[Site "chess.com INT"]
[Date "2020.06.21"]
[Round "9"]
[White "Nikulina, Alena"]
[Black "Kucharska, Honorata"]
[Result "0-1"]
[WhiteTitle "WFM"]
[BlackTitle "WFM"]
[WhiteElo "1887"]
[BlackElo "2113"]
[WhiteFideId "4172051"]
[BlackFideId "1163868"]
[EventDate "2020.06.21"]

1. e4 e6 2. d4 d5 3. exd5 exd5 4. c4 Nf6 5. Nc3 Bb4 6. Nf3 O-O 7. Bd3 Bg4 8. O-O
dxc4 9. Bxc4 Nc6 10. Be3 Bd6 11. h3 Bxf3 12. Qxf3 a6 13. Rad1 Rb8 14. Bg5 Be7
15. Be3 Na5 16. Bd3 b5 17. Bg5 h6 18. Bh4 Nc4 19. Qf5 Nd6 20. Qf3 b4 21. Ne2 a5
22. Rfe1 Nd7 23. Bg3 Bf6 24. Bb1 g6 25. Nf4 Nb6 26. Nd5 Nxd5 27. Qxd5 Kg7 28.
Bxd6 cxd6 29. Re2 Qb6 30. Qc4 Rbc8 31. Qd3 d5 32. Red2 a4 33. Re2 a3 34. b3 Rc3
35. Qd2 Qd6 36. Re3 Bg5 37. Qe2 Bxe3 38. fxe3 Re8 39. Rd3 Rxd3 40. Qxd3 Qg3 0-1

[Event "Women's Speed Chess Q4"]
[Site "chess.com INT"]
[Date "2020.06.21"]
[Round "9"]
[White "Turova, Irina"]
[Black "Narva, Mai"]
[Result "1/2-1/2"]
[WhiteTitle "IM"]
[BlackTitle "WIM"]
[WhiteElo "2381"]
[BlackElo "2333"]
[WhiteFideId "4120876"]
[BlackFideId "4500512"]
[EventDate "2020.06.21"]

1. d4 Nf6 2. c4 g6 3. Nc3 d5 4. Bg5 Bg7 5. Bxf6 Bxf6 6. cxd5 c6 7. Rc1 cxd5 8.
Nxd5 Nc6 9. Nxf6+ exf6 10. e3 O-O 11. Bc4 Na5 12. Bd3 Be6 13. b3 Qd5 14. Nf3 f5
15. Rc5 Qd8 16. O-O Nc6 17. Qd2 Qb6 18. Rfc1 Rad8 19. Rb5 Qc7 20. Ne5 Bd5 21.
Nxc6 bxc6 22. Rbc5 Qe7 23. Qc3 Qg5 24. Bf1 Rfe8 25. b4 f4 26. exf4 Qxf4 27. Bc4
Bxc4 28. Rxc4 Re2 29. Qg3 1/2-1/2

[Event "Women's Speed Chess Q4"]
[Site "chess.com INT"]
[Date "2020.06.21"]
[Round "9"]
[White "Dauletova, Gulmira"]
[Black "Sedina, Elena"]
[Result "1-0"]
[WhiteTitle "WIM"]
[BlackTitle "IM"]
[WhiteElo "2319"]
[BlackElo "2299"]
[WhiteFideId "13702971"]
[BlackFideId "812153"]
[EventDate "2020.06.21"]

1. e4 e6 2. d4 d5 3. Nd2 c5 4. Ngf3 Nc6 5. exd5 exd5 6. Bb5 Bd6 7. dxc5 Bxc5 8.
O-O Ne7 9. Nb3 Bd6 10. h3 O-O 11. c3 h6 12. Nbd4 Bc7 13. Bd3 a6 14. Bc2 Qd6 15.
Qd3 Ng6 16. Re1 Bd7 17. Nf5 Qf6 18. Be3 Rad8 19. Bc5 Rfe8 20. Rxe8+ Bxe8 21. Re1
Nf4 22. Ne7+ Kf8 23. Nxd5+ Bd6 24. Nxf6 Nxd3 25. Bxd6+ 1-0

[Event "Women's Speed Chess Q4"]
[Site "chess.com INT"]
[Date "2020.06.21"]
[Round "9"]
[White "Morris-Suzuki, Sophie"]
[Black "Protopopova, Anastasiya"]
[Result "1-0"]
[WhiteTitle "WFM"]
[BlackTitle "WFM"]
[WhiteElo "2043"]
[BlackElo "2192"]
[WhiteFideId "30922615"]
[BlackFideId "24172073"]
[EventDate "2020.06.21"]

1. e4 c6 2. d4 d5 3. e5 Bf5 4. h4 h5 5. Bd3 Bxd3 6. Qxd3 Qa5+ 7. Nc3 Qa6 8. Qd1
e6 9. Nge2 Ne7 10. O-O Nf5 11. Bg5 c5 12. dxc5 Bxc5 13. Nf4 Nc6 14. Nxh5 Nxe5
15. Re1 Bxf2+ 16. Kxf2 Qb6+ 17. Be3 Nxe3 18. Rxe3 Nc4 19. Nxd5 Nxe3 20. Nxe3
Qxb2 21. Nc4 Qc3 22. Nd6+ Ke7 23. Ne4 Qe5 24. Nhg3 Rxh4 25. Qe1 f5 26. Qb4+ Kd7
27. Rd1+ Kc7 28. Qe7+ Kb6 29. Rd6+ Ka5 30. Qxh4 fxe4 31. Nxe4 Rf8+ 32. Ke3 Rc8
33. Qe1+ Kb5 34. Qe2+ Rc4 35. a4+ 1-0

[Event "Women's Speed Chess Q4"]
[Site "chess.com INT"]
[Date "2020.06.21"]
[Round "9"]
[White "Mammadova, Gulnar"]
[Black "Arakhamia-Grant, Ketevan"]
[Result "1/2-1/2"]
[WhiteTitle "IM"]
[BlackTitle "GM"]
[WhiteElo "2382"]
[BlackElo "2380"]
[WhiteFideId "13403508"]
[BlackFideId "13600168"]
[EventDate "2020.06.21"]

1. e4 c5 2. Nf3 Nc6 3. Bb5 g6 4. Bxc6 dxc6 5. O-O Bg7 6. d3 e5 7. h3 Qc7 8. Nc3
Nf6 9. Be3 b6 10. a4 a5 11. Nh2 Nd7 12. f4 exf4 13. Bxf4 Ne5 14. Qd2 O-O 15. Nf3
Nxf3+ 16. Rxf3 Qe7 17. Raf1 Be6 18. e5 Bd5 19. Nxd5 cxd5 20. Re1 d4 21. Bg5 Qe6
22. Bf6 Rfe8 23. Bxg7 Kxg7 24. Rf6 Qd5 25. Qf4 Ra7 26. Rxb6 Rae7 27. Rf6 Rxe5
28. Rxe5 Rxe5 29. Rxf7+ Qxf7 30. Qxe5+ Kh6 31. h4 Qf8 32. Kh2 Qf2 33. Qg5+ Kg7
34. Qe7+ Kh6 35. c3 Qf4+ 36. Kh3 Qf5+ 37. Kh2 Qf4+ 38. Kh3 Qf5+ 39. Kh2 Qf4+ 1/2-1/2

[Event "Women's Speed Chess Q4"]
[Site "chess.com INT"]
[Date "2020.06.21"]
[Round "9"]
[White "Vaishali, R"]
[Black "Girya, Olga"]
[Result "1/2-1/2"]
[WhiteTitle "WGM"]
[BlackTitle "WGM"]
[WhiteElo "2393"]
[BlackElo "2469"]
[WhiteFideId "5091756"]
[BlackFideId "4195752"]
[EventDate "2020.06.21"]

1. e4 c6 2. d4 d5 3. Nc3 dxe4 4. Nxe4 Nf6 5. Nxf6+ exf6 6. c3 Bd6 7. Bd3 O-O 8.
Qc2 Re8+ 9. Ne2 h5 10. O-O h4 11. h3 Nd7 12. Bd2 Nf8 13. Rae1 Be6 14. Bf4 Bxf4
15. Nxf4 Qd6 16. Nxe6 Nxe6 17. Re3 Nf4 18. Rfe1 Kf8 19. Be4 g6 20. Bf3 Re6 21.
Qb3 Rb8 22. Qa4 Ra8 23. Qb3 Rb8 24. a4 Kg7 25. a5 Qc7 26. Qa2 Rbe8 27. b4 Qd6
28. Qd2 Nd5 29. Rxe6 Rxe6 30. Rxe6 Qxe6 31. c4 Nc7 32. Qc3 Qd6 33. Qd2 Qe6 34.
Qc3 Qd6 35. Qd2 Qe6 1/2-1/2

[Event "Women's Speed Chess Q4"]
[Site "chess.com INT"]
[Date "2020.06.21"]
[Round "9"]
[White "Nandhidhaa, P V"]
[Black "Javakhishvili, Lela"]
[Result "1/2-1/2"]
[WhiteTitle "WGM"]
[BlackTitle "IM"]
[WhiteElo "2365"]
[BlackElo "2475"]
[WhiteFideId "5050847"]
[BlackFideId "13601458"]
[EventDate "2020.06.21"]

1. e4 d6 2. d4 Nf6 3. Nc3 g6 4. Nf3 c6 5. Be2 Nbd7 6. O-O Bg7 7. h3 O-O 8. Be3
e5 9. a3 Re8 10. dxe5 Nxe5 11. Nxe5 dxe5 12. Qxd8 Rxd8 13. Bc4 Be6 14. Bxe6 fxe6
15. f3 Nh5 16. Rfd1 Nf4 17. Rxd8+ Rxd8 18. Rd1 Ne2+ 19. Kf2 Nd4 20. Ne2 Bf6 21.
c3 Bh4+ 22. g3 Nxe2 23. Rxd8+ Bxd8 24. Kxe2 b6 25. Kd3 Kf7 26. Kc4 g5 27. g4 Kg6
28. a4 Bc7 29. Bd2 h6 30. b3 Kf7 31. Bc1 Bd6 32. Be3 Kf6 33. b4 Ke7 34. Kb3 Kd7
35. Bf2 Kc7 36. h4 Be7 37. hxg5 hxg5 38. Bg3 Bf6 39. Kc4 Kb7 40. Bf2 Kc7 41. Be3
Be7 42. Kb3 Kb7 43. c4 c5 44. bxc5 bxc5 45. a5 a6 46. Ka4 Kc6 47. Bd2 Bf6 48.
Bc3 Kd6 49. Kb3 Kc6 50. Ka4 Kd6 51. Kb3 Kc6 52. Ka4 1/2-1/2

[Event "Women's Speed Chess Q4"]
[Site "chess.com INT"]
[Date "2020.06.21"]
[Round "9"]
[White "Mudodo, Refiloe Hazel"]
[Black "Sukandar, Irine Kharisma"]
[Result "0-1"]
[WhiteTitle "WCM"]
[BlackTitle "IM"]
[WhiteElo "1543"]
[BlackElo "2413"]
[WhiteFideId "11000821"]
[BlackFideId "7101937"]
[EventDate "2020.06.21"]

1. e4 c5 2. Nf3 Nc6 3. d4 cxd4 4. Nxd4 g6 5. c4 Nf6 6. f3 Bg7 7. Be3 O-O 8. Be2
Qb6 9. Qd2 Nxe4 10. fxe4 Bxd4 11. Bxd4 Qxd4 12. Nc3 Qxd2+ 13. Kxd2 d6 14. Rhd1
Be6 15. Ke1 Ne5 16. b3 Rac8 17. Kf1 f5 18. exf5 Bxf5 19. Kg1 Bg4 20. Bxg4 Nxg4
21. Nd5 Rf7 22. Re1 Ne5 23. Rad1 Rc5 24. h3 b5 25. Ne3 bxc4 26. bxc4 Nxc4 27.
Rc1 Nxe3 28. Rxc5 dxc5 29. Rxe3 Kf8 30. Ra3 e5 31. Rc3 Rc7 32. Kf2 Ke7 33. Ke3
Ke6 34. Ke4 c4 35. h4 h6 36. g3 h5 37. a3 a6 38. a4 a5 39. Rc2 c3 40. Kd3 Kd5
41. Rxc3 Rxc3+ 42. Kxc3 Ke4 43. Kc4 Kf3 44. Kb5 e4 45. Kxa5 e3 46. Kb6 e2 47. a5
e1=Q 48. a6 Qxg3 49. a7 Qd6+ 50. Kb7 Qd5+ 51. Kb8 Kg3 52. a8=Q Qxa8+ 53. Kxa8
Kxh4 54. Kb7 g5 55. Kc6 g4 56. Kd5 g3 57. Kd6 g2 0-1

[Event "Women's Speed Chess Q4"]
[Site "chess.com INT"]
[Date "2020.06.21"]
[Round "9"]
[White "Kiseleva, Arina"]
[Black "Goh, Jie Yi"]
[Result "0-1"]
[WhiteTitle "WCM"]
[BlackTitle "WCM"]
[WhiteElo "2024"]
[BlackElo "1743"]
[WhiteFideId "4164989"]
[BlackFideId "5710049"]
[EventDate "2020.06.21"]

1. d4 e6 2. c3 f5 3. g3 Nf6 4. Bg2 Be7 5. Qb3 c6 6. Nh3 d5 7. Nf4 O-O 8. O-O c5
9. Rd1 c4 10. Qc2 g5 11. Nh3 h6 12. b3 b5 13. a4 cxb3 14. Qxb3 bxa4 15. Qxa4 Bd7
16. Qc2 Nc6 17. Ba3 a5 18. c4 Nb4 19. Bxb4 axb4 20. Rxa8 Qxa8 21. c5 Ba4 22. Qd2
Bxd1 23. Qxd1 Rb8 24. Qb3 Qa1 25. e3 Kf7 26. Bf1 Ne4 27. f3 Nc3 28. Nd2 Qe1 29.
Qc2 Qxe3+ 30. Nf2 Ra8 31. c6 Bd6 32. Nc4 dxc4 33. Bxc4 Ra1+ 34. Kg2 Kf6 35. d5
exd5 36. Bb3 Qe1 37. g4 Qf1# 0-1

[Event "Women's Speed Chess Q4"]
[Site "chess.com INT"]
[Date "2020.06.21"]
[Round "9"]
[White "Chen, Yining"]
[Black "Narva, Regina"]
[Result "1-0"]
[WhiteTitle "WCM"]
[BlackTitle "WFM"]
[WhiteElo "1745"]
[BlackElo "1905"]
[WhiteFideId "8620946"]
[BlackFideId "4500237"]
[EventDate "2020.06.21"]

1. d4 Nf6 2. c4 g6 3. Nc3 Bg7 4. e4 d6 5. f3 b6 6. Be3 c5 7. d5 a6 8. Qd2 h5 9.
Bd3 Ra7 10. Nge2 Nbd7 11. Nc1 Ne5 12. Be2 Rb7 13. h3 h4 14. f4 Ned7 15. Bf3 b5
16. Be2 bxc4 17. Bxc4 Rb4 18. Bd3 Qb6 19. Rb1 Nh5 20. N1e2 Qc7 21. O-O O-O 22.
a3 Rb8 23. Rfc1 c4 24. Na4 Nc5 25. Nxc5 cxd3 26. Nxd3 Qd7 27. Bd4 e5 28. fxe5
dxe5 29. Bxe5 Qa4 30. Bxg7 Nxg7 31. Nc3 Qd4+ 32. Kh2 Nh5 33. Re1 a5 34. Qe3 Qf6
35. e5 Qa6 36. Nc5 Qb6 37. N3a4 Qd8 38. b4 Bf5 39. Rb2 Qxd5 40. Rd2 Qc6 41. bxa5
Rb5 42. Rd6 1-0

[Event "Women's Speed Chess Q4"]
[Site "chess.com INT"]
[Date "2020.06.21"]
[Round "9"]
[White "Balabayeva, Xeniya"]
[Black "Gunina, Valentina"]
[Result "0-1"]
[WhiteTitle "WFM"]
[BlackTitle "GM"]
[WhiteElo "2146"]
[BlackElo "2431"]
[WhiteFideId "13719688"]
[BlackFideId "4167570"]
[EventDate "2020.06.21"]

1. e4 c6 2. d4 d5 3. Nd2 dxe4 4. Nxe4 Bf5 5. Ng3 Bg6 6. h4 h6 7. Nf3 Nd7 8. h5
Bh7 9. Bd3 Bxd3 10. Qxd3 e6 11. Bd2 Ngf6 12. O-O-O Be7 13. Kb1 O-O 14. Ne4 Nxe4
15. Qxe4 Nf6 16. Qe2 Qd5 17. Ne5 Rad8 18. Be3 c5 19. g4 cxd4 20. Bxd4 Qe4 21.
Qxe4 Nxe4 22. f3 Bc5 23. Bxc5 Nxc5 24. c3 Rfe8 25. Kc2 f6 26. Nc4 e5 27. b4 Ne6
28. Kb3 Ng5 29. Rxd8 Rxd8 30. Rf1 Rd3 31. f4 Ne4 32. Kb2 Rxc3 33. Nd6 Re3 34.
Nf5 Re2+ 35. Ka3 exf4 36. Rxf4 b5 37. Nd4 Re3+ 38. Kb2 Nd6 39. Nc6 Nc4+ 40. Kc2
Re2+ 41. Kb1 a6 42. Rd4 Na3+ 43. Kc1 Rc2+ 44. Kd1 Rxc6 0-1

[Event "Women's Speed Chess Q4"]
[Site "chess.com INT"]
[Date "2020.06.21"]
[Round "9"]
[White "Bivol, Alina"]
[Black "Kashlinskaya, Alina"]
[Result "1-0"]
[WhiteTitle "WGM"]
[BlackTitle "IM"]
[WhiteElo "2386"]
[BlackElo "2494"]
[WhiteFideId "4100123"]
[BlackFideId "4198026"]
[EventDate "2020.06.21"]

1. Nf3 Nf6 2. g3 d5 3. Bg2 c6 4. O-O Bg4 5. h3 Bxf3 6. Bxf3 Nbd7 7. d3 e5 8. e4
dxe4 9. dxe4 Bc5 10. Qe2 O-O 11. b3 a5 12. a4 Qe7 13. Bb2 Rfd8 14. Nd2 Nf8 15.
Rad1 Bd4 16. Bxd4 Rxd4 17. Nc4 Rxd1 18. Rxd1 Qc7 19. Qd2 Ne6 20. Qd6 Qxd6 21.
Rxd6 Nd4 22. Bg2 Ne8 23. Rd7 f6 24. Rxb7 Nxc2 25. h4 Nd4 26. Bh3 Kf8 27. Bd7 h5
28. Kg2 g6 29. f3 Ng7 30. Rb6 Ke7 31. Bxc6 Nxc6 32. Rxc6 Ne6 33. Rb6 Nd4 34. f4
exf4 35. gxf4 Rc8 36. e5 fxe5 37. Nxe5 Rc2+ 38. Kf1 Rb2 39. Nxg6+ Kf7 40. Ne5+
Kg7 41. Rd6 Nxb3 42. f5 Nd2+ 43. Ke1 Ne4 44. Rg6+ Kf8 45. Ra6 Rf2 46. Re6 Rxf5
47. Nd7+ Kf7 48. Rxe4 1-0

[Event "Women's Speed Chess Q4"]
[Site "chess.com INT"]
[Date "2020.06.21"]
[Round "9"]
[White "Ilyuchyk, Yana"]
[Black "Zawadzka, Jolanta"]
[Result "1/2-1/2"]
[WhiteTitle "WFM"]
[BlackTitle "WGM"]
[WhiteElo "2119"]
[BlackElo "2419"]
[WhiteFideId "13508407"]
[BlackFideId "1122320"]
[EventDate "2020.06.21"]

1. e4 c5 2. Nf3 d6 3. d4 c4 4. Bxc4 Nf6 5. Nc3 e6 6. O-O a6 7. a4 Bd7 8. e5 Ng8
9. d5 Qc7 10. dxe6 Qxc4 11. exd7+ Nxd7 12. exd6 O-O-O 13. Be3 Ndf6 14. d7+ Rxd7
15. Qe1 Bd6 16. b3 Qc7 17. Ne2 Ne7 18. Ned4 Re8 19. c4 Nc6 20. Nxc6 Qxc6 21. Qc3
Ng4 22. Bd4 Nxh2 23. Nxh2 Bxh2+ 24. Kxh2 Qd6+ 25. g3 Qxd4 26. Qxd4 Rxd4 27. Rad1
Red8 28. Rxd4 Rxd4 29. Re1 Kd7 30. Re3 g6 31. Kg2 h5 32. Kf3 f5 33. Kg2 Kd6 34.
Re8 Kc6 35. Rg8 Rd6 36. Rc8+ Kd7 37. Rg8 Re6 38. Kf3 Kd6 39. Kf4 Kc5 40. Rg7 b6
41. Rd7 Kb4 42. Rd3 Re4+ 43. Kg5 Rg4+ 44. Kf6 f4 45. gxf4 Rxf4+ 46. Kxg6 h4 47.
Kg5 Rxf2 48. Kxh4 Rb2 49. Rd6 Kc5 50. Rd5+ Kb4 51. Rd6 Kc5 52. Rd5+ Kb4 53. Rd6 1/2-1/2

[Event "Women's Speed Chess Q4"]
[Site "chess.com INT"]
[Date "2020.06.21"]
[Round "9"]
[White "Frattini, Beatriz Maria"]
[Black "Hryzlova, Sofiia"]
[Result "0-1"]
[WhiteTitle "WCM"]
[WhiteElo "1868"]
[BlackElo "1940"]
[WhiteFideId "22715002"]
[BlackFideId "14174669"]
[EventDate "2020.06.21"]

1. e4 c5 2. Nf3 Nc6 3. d4 cxd4 4. Nxd4 Nf6 5. Nc3 d6 6. Bg5 Bd7 7. Qd2 h6 8.
Bxf6 gxf6 9. O-O-O Nxd4 10. Qxd4 Qa5 11. Kb1 Rc8 12. f4 Qc5 13. Qd2 f5 14. e5
Bg7 15. Ne2 Rc7 16. exd6 Rc6 17. dxe7 Qxe7 18. Nd4 Rb6 19. Re1 Be6 20. c3 O-O
21. Nxf5 Bxf5+ 22. Ka1 Qf6 23. Bc4 Rd8 24. Qe2 Rbd6 25. g4 Be6 26. Bxe6 Rxe6 27.
Qf2 Rc6 28. Rc1 a5 29. h4 Rc4 30. Rhf1 a4 31. g5 hxg5 32. hxg5 Qf5 33. Rcd1 Rdc8
34. Rh1 Rxc3 35. g6 Rc2 36. gxf7+ Kf8 37. Qb6 Bxb2+ 38. Qxb2 Rxb2 39. Kxb2 Qf6+
40. Kb1 a3 41. Rd2 Qg6+ 42. Ka1 Qf6+ 43. Kb1 Rc6 44. Rd8+ Kxf7 45. Rh7+ Kg6 46.
f5+ Kxh7 47. Rh8+ Qxh8 48. f6 Qd8 49. f7 Qd1# 0-1

[Event "Women's Speed Chess Q4"]
[Site "chess.com INT"]
[Date "2020.06.21"]
[Round "9"]
[White "Mahalakshmi, M"]
[Black "Martynyuk, Elizaveta"]
[Result "0-1"]
[WhiteTitle "WIM"]
[BlackTitle "FM"]
[WhiteElo "2253"]
[BlackElo "2041"]
[WhiteFideId "5001080"]
[BlackFideId "24128511"]
[EventDate "2020.06.21"]

1. d4 d5 2. Bf4 Nf6 3. e3 c5 4. Nc3 cxd4 5. exd4 a6 6. Nf3 Nc6 7. h3 Bf5 8. Bd3
Bxd3 9. Qxd3 e6 10. O-O h6 11. Rfe1 Bd6 12. Ne5 O-O 13. Re3 Bxe5 14. Bxe5 Nd7
15. Rae1 Ndxe5 16. Rxe5 Nxe5 17. dxe5 Qg5 18. Re3 b5 19. Ne2 Rac8 20. c3 Rc4 21.
Nd4 Rfc8 22. a3 Qf4 23. Ne2 Qh4 24. Nd4 Rb8 25. Rg3 a5 26. Rg4 Qh5 27. Qg3 g6
28. b3 Rc7 29. b4 axb4 30. axb4 Rc4 31. Kh2 Rbc8 32. Rh4 Qg5 33. Rg4 Qh5 34. Rh4
Rxc3 35. f3 Qg5 36. Rg4 Qh5 0-1

[Event "Women's Speed Chess Q4"]
[Site "chess.com INT"]
[Date "2020.06.21"]
[Round "9"]
[White "Mamedjarova, Zeinab"]
[Black "Vifleemskaia, Svetlana"]
[Result "1/2-1/2"]
[WhiteTitle "WGM"]
[BlackTitle "WFM"]
[WhiteElo "2274"]
[BlackElo "1943"]
[WhiteFideId "13401521"]
[BlackFideId "4129490"]
[EventDate "2020.06.21"]

1. d4 Nf6 2. Nf3 d5 3. e3 c5 4. c4 cxd4 5. exd4 Nc6 6. Nc3 e6 7. Bg5 Be7 8. Be2
O-O 9. O-O dxc4 10. Bxc4 Nd5 11. Qd2 Bxg5 12. Nxg5 h6 13. Nf3 Nxc3 14. bxc3 a6
15. Rfe1 b5 16. Bd3 Na5 17. Qf4 Bb7 18. a4 Nc4 19. Reb1 Bc6 20. Rb4 Nb6 21. axb5
axb5 22. Rbb1 Qd5 23. Qe5 Nc4 24. Qxd5 Bxd5 25. Rxa8 Rxa8 26. Rxb5 Ra1+ 27. Rb1
Rxb1+ 28. Bxb1 Bxf3 29. gxf3 Nd2 30. Be4 f5 31. Bb7 g5 32. Kg2 f4 33. Ba6 Kf7
34. Bd3 Kf6 35. Bc2 Ke7 36. Bd1 Kf6 37. Be2 Nb3 38. Kf1 e5 39. dxe5+ Kxe5 40.
Ke1 Kd5 41. Kd1 Kc5 42. Kc2 Na5 43. Kd3 Kd5 44. Bd1 Nb7 45. Bb3+ Ke5 46. c4 Nc5+
47. Kc3 Kd6 48. Bc2 Ke5 49. Kb4 Kd4 50. Bf5 Na6+ 51. Kb5 Nc5 52. Bg6 Nb3 53. Be4
Nc5 54. Bc2 Ne6 55. Bf5 Nc5 56. Bg6 Ne6 57. Bf5 Nc5 1/2-1/2

[Event "Women's Speed Chess Q4"]
[Site "chess.com INT"]
[Date "2020.06.21"]
[Round "9"]
[White "Kovanova, Baira"]
[Black "Mkrtchian, Lilit"]
[Result "1-0"]
[WhiteTitle "WGM"]
[BlackTitle "IM"]
[WhiteElo "2343"]
[BlackElo "2388"]
[WhiteFideId "4164083"]
[BlackFideId "13300601"]
[EventDate "2020.06.21"]

1. e4 c5 2. Nc3 e6 3. d3 Nc6 4. g3 Nf6 5. Bg2 Be7 6. Nf3 d5 7. O-O O-O 8. e5 Nd7
9. Re1 Rb8 10. h4 b5 11. Bf4 b4 12. Ne2 a5 13. d4 Ba6 14. dxc5 Bxc5 15. Ned4 Qb6
16. c3 bxc3 17. bxc3 Nxd4 18. cxd4 Be7 19. Bf1 Bxf1 20. Rxf1 Rfc8 21. Bg5 Bf8
22. Be3 Qb2 23. Ne1 Nb6 24. Nd3 Qa3 25. Re1 Nc4 26. Bc1 Qc3 27. Be3 Nxe3 28.
fxe3 a4 29. Rc1 Qa3 30. Rxc8 Rxc8 31. Qe2 Rc3 32. Nf2 Qb4 33. Rf1 Qc4 34. Qf3
Qxd4 35. Nd1 Qa7 36. Nxc3 Bc5 37. Nb5 Qd7 38. Nd4 h6 39. Rc1 Bf8 40. Qe2 Qb7 41.
Qb5 1-0

[Event "Women's Speed Chess Q4"]
[Site "chess.com INT"]
[Date "2020.06.21"]
[Round "9"]
[White "Hejazipour, Mitra"]
[Black "Papp, Petra"]
[Result "0-1"]
[WhiteTitle "WGM"]
[BlackTitle "WGM"]
[WhiteElo "2300"]
[BlackElo "2338"]
[WhiteFideId "12505951"]
[BlackFideId "739049"]
[EventDate "2020.06.21"]

1. d4 Nf6 2. c4 g6 3. Nf3 Bg7 4. g3 O-O 5. Bg2 d6 6. O-O Nc6 7. Nc3 e5 8. d5 Nb8
9. e4 a5 10. Ne1 Na6 11. Nd3 Nd7 12. Be3 b6 13. a3 Ndc5 14. Rb1 Nxd3 15. Qxd3
Nc5 16. Qc2 f5 17. f3 f4 18. Bf2 h5 19. b4 axb4 20. axb4 Nd7 21. Ra1 Rxa1 22.
Rxa1 Bh6 23. Nb5 Nf6 24. Ra7 fxg3 25. hxg3 h4 26. gxh4 Nh5 27. Nxc7 Nf4 28. Ne6
Nxe6 29. dxe6 Bxe6 30. Rb7 Qa8 31. Re7 Qa1+ 32. Kh2 Bf4+ 33. Bg3 Qe1 34. Bxf4
Qxh4+ 35. Kg1 Qxe7 36. Be3 Qc7 37. Bf1 Rxf3 38. Qg2 Qf7 39. Bxb6 Bh3 40. Qxh3
Rxh3 41. Bxh3 Qxc4 42. Bg2 Qxb4 43. Bf2 Kf7 44. Kh2 g5 45. Bg3 Kf6 46. Bf2 g4
47. Kg3 Kg5 48. Kh2 Qd2 49. Bg3 Qe2 50. Kh1 d5 51. exd5 e4 52. d6 e3 53. Kh2 Qd2
54. Kg1 Qd1+ 55. Kh2 e2 56. d7 Qxd7 57. Be1 Qd1 58. Bg3 e1=Q 0-1

[Event "Women's Speed Chess Q4"]
[Site "chess.com INT"]
[Date "2020.06.21"]
[Round "9"]
[White "Kazarian, Anna-Maja"]
[Black "Shafigullina, Zarina"]
[Result "0-1"]
[WhiteTitle "FM"]
[BlackTitle "WFM"]
[WhiteElo "2096"]
[BlackElo "2296"]
[WhiteFideId "1033689"]
[BlackFideId "24174220"]
[EventDate "2020.06.21"]

1. e4 c5 2. Nf3 Nc6 3. d4 cxd4 4. Nxd4 Nf6 5. Nc3 e5 6. Ndb5 d6 7. Bg5 a6 8. Na3
b5 9. Nd5 Be7 10. Bxf6 Bxf6 11. c3 Bg5 12. Nc2 Rb8 13. a4 bxa4 14. Ncb4 Nxb4 15.
Nxb4 Bb7 16. Qxa4+ Qd7 17. Qxd7+ Kxd7 18. f3 Ra8 19. Nxa6 Be3 20. Bb5+ Bc6 21.
Bxc6+ Kxc6 22. Nb4+ Kd7 23. Rxa8 Rxa8 24. Ke2 Bc5 25. Nd3 Ra2 26. Kd2 f6 27. Kc2
Kc6 28. Rd1 Ra8 29. b4 Bb6 30. Kb3 Rd8 31. c4 Bd4 32. Rd2 Ra8 33. Ra2 Rxa2 34.
Kxa2 g6 35. Kb3 f5 36. b5+ Kb6 37. Nb4 Kc5 38. Nd5 fxe4 39. fxe4 Bg1 40. h3 Kd4
41. b6 Kxe4 42. b7 Ba7 43. Nb4 Bb8 44. Kc3 Ke3 45. Nc6 Bc7 46. Ne7 Kf2 47. g4 e4
48. Nd5 Bb8 49. Kd4 Kf3 0-1

[Event "Women's Speed Chess Q4"]
[Site "chess.com INT"]
[Date "2020.06.21"]
[Round "9"]
[White "Cori T., Deysi"]
[Black "Karnaukhova, Elmira"]
[Result "1-0"]
[WhiteTitle "WGM"]
[BlackTitle "WGM"]
[WhiteElo "2388"]
[BlackElo "2319"]
[WhiteFideId "3801934"]
[BlackFideId "4148827"]
[EventDate "2020.06.21"]

1. d4 Nf6 2. Nf3 c5 3. e3 b6 4. b3 g6 5. Bb2 Bg7 6. dxc5 bxc5 7. e4 O-O 8. e5
Ng4 9. h3 Nh6 10. g4 Nc6 11. Bg2 Ba6 12. c4 d6 13. O-O Bb7 14. Qe2 d5 15. cxd5
Qxd5 16. Rd1 Qe6 17. Ng5 Qc8 18. Qb5 Rb8 19. Qxc5 Nxe5 20. Qxc8 Rfxc8 21. Nc3
Bxg2 22. Kxg2 Nc4 23. bxc4 Rxb2 24. Nd5 Kf8 25. Rab1 Rxb1 26. Rxb1 Bd4 27. Rb7
e6 28. Ne3 Bb6 29. Nxh7+ Kg7 30. Ng5 Kf6 31. Nf3 Ng8 32. g5+ Kg7 33. Ne5 Rf8 34.
Nd7 Ra8 35. c5 Bd8 36. f4 Be7 37. Ne5 Bxc5 38. Rxf7+ Kh8 39. Nxg6# 1-0